000 00214nam a22000857a 4500
008 170203b xxu||||| |||| 00| 0 eng d
100 _92762
_aRichardson.A.
245 _aIn Grandma's Attic
260 _aNew Delhi
_bCVP
_c1974
999 _c5953
_d5953